000 00352nam a2200133Ia 4500
008 240624s9999 xx 000 0 und d
041 _aeng
082 _a658.155 ANT
100 _aANTONUCCI DOMENIC
245 _aRISK MATURITY MODELS HOW TO ASSESS RISK
260 _c2016
_aNew Delhi
_bKogan Page
300 _axiii, 300 p.; 23 cm.
365 _cBPS
_b30
999 _c29994
_d29994